Skoki Narciarskie - Medaliści Mistrzostw Świata z Niemiec - Statystyki

Ogólne statystyki
  • Ten quiz został rozwiązany 46 razy
  • Średni wynik to 10 z 14
Statystyki odpowiedzi
Z S B Skoczek % Poprawnych
5x 2x 2x Karl Geiger
95%
6x - 1x Markus Eisenbichler
95%
2x 3x 2x Martin Schmitt
95%
2x 4x - Andreas Wellinger
93%
2x 1x 1x Richard Freitag
85%
3x 2x 2x Severin Freund
85%
1x - 1x Sven Hannawald
85%
1x - - Pius Paschke
71%
1x - - Stephan Leyhe
68%
- 2x 1x Michael Neumayer
63%
1x 1x 2x Michael Uhrmann
56%
- 1x - Andreas Wank
41%
- 1x - Georg Spath
29%
1x - 1x Alexander Herr
27%
Nie znaleziono quizów pasujących do podanych kryteriów
Rozkład punktacji
Procent ludzi z każdym wynikiem
Percentyl według liczby udzielonych odpowiedzi
Twoja historia wyników
Nie rozwiązałeś tego quizu